Discursos de eloquencia (sobre asuntos predicables) que han ganado el premio de la Academia Francesa, desde el año de 1671 hasta el de 1758

Detalles Bibliográficos
Otros Autores: Plácido (tr.)
Formato: Libro
Lenguaje:Spanish
Publicado: en Madrid 1785
Materias:
Colección:Banco de datos
Acervo:Biblioteca Armando Olivares Carrillo de la Universidad de Guanajuato. Fondo Conventos
Descripción Física:2 t. 4°
Tema general:Homilética
Notas:Ex libris en estampa de la Biblioteca del Colegio de la Pma. Concepción de Guanajuato
Daños de polilla (5365)
LEADER 00867nam a22001930004500
035 |a 2926 
041 0 |a spa 
050 4 |a BV4207  |b D5 
245 1 0 |a Discursos de eloquencia (sobre asuntos predicables) que han ganado el premio de la Academia Francesa, desde el año de 1671 hasta el de 1758  |c traducidos al castellano por el Padre Predicador Fray Placido regidor, ex-visitador general de la religion de San Benito 
260 |a en Madrid  |b por Don Antonio de Sancha  |c 1785 
300 |a 2 t.  |c 4° 
500 |a Ex libris en estampa de la Biblioteca del Colegio de la Pma. Concepción de Guanajuato 
500 |a Daños de polilla (5365) 
650 1 0 |a Homilética 
700 1 |a Plácido  |e tr. 
949 |a CO. t. 1 (5365), t. 2 (5366) 
942 |c GUANAJUATO 
943 |g Biblioteca Armando Olivares Carrillo de la Universidad de Guanajuato. Fondo Conventos 
999 |c 1146883  |d 1146883